| 000 | 00903cpcaa2200265 4500 | ||
|---|---|---|---|
| 001 | mm 79005208 | ||
| 003 | DLC | ||
| 005 | 20260227111650.0 | ||
| 008 | 790509|||||||||||| hun | ||
| 010 | _amm 79005208 | ||
| 040 |
_aDLC _cDLC _edacs _dDLC |
||
| 072 | 7 |
_aL _2lcmd |
|
| 100 | 1 |
_aFeleky, Charles, _d1863-1930. |
|
| 245 | 0 | 0 |
_aCharles Feleky papers, _f1833-1936. |
| 300 |
_a28 _fitems. |
||
| 506 | 0 | _aOpen to research. | |
| 533 |
_aIn part, handwritten and typewritten transcripts. _b[S.l.]. |
||
| 545 | 0 | _aEntertainer and bibliographer. | |
| 546 | _aCollection material in Hungarian. | ||
| 580 | _aForms part of: Miscellaneous Manuscripts collection. | ||
| 656 | 7 |
_aBibliographers. _2itoamc |
|
| 656 | 7 |
_aEntertainers. _2itoamc |
|
| 999 |
_c41861 _d41861 |
||